Hogwarts Herbology Exam Quiz Stats

Quiz Updated Mar 20, 2017

Challenge
Share
Tweet
Score 0/19 Timer 03:00
15 Plays Today
% Correct
Incendio
91.9%
Lumos Solem
91.2%
Bluebell Flame
87.7%
Gurdyroot
85.5%
Splinching
84.7%
Sectumsempra
82.5%
2. True
80.3%
Flagrante Burns
78.6%
3. True
75%
Tentacula
74.5%
% Correct
Gillyweed
74.2%
Abyssinian Shrivelfig
70.7%
Fanged Geranium
70.6%
Sopophorous Bean
68%
Puffapod
67.1%
Mimbulus Mimbletonia
64.8%
Screechsnap
63.1%
Diffindo
61.8%
Bouncing Bulb
61.1%

You're not logged in!

Compare scores with friends on all Sporcle quizzes.
Join for Free
OR
Log In

You Might Also Like...

Show Comments

Extras

Top Quizzes Today


Score Distribution

Your Account Isn't Verified!

In order to create a playlist on Sporcle, you need to verify the email address you used during registration. Go to your Sporcle Settings to finish the process.

Report this User

Report this user for behavior that violates our Community Guidelines.

Details: